000 00532nam a22001697a 4500
999 _c9620
_d9620
008 210915b ||||| |||| 00| 0 eng d
040 _aBMS College of Architecture
100 _aAlva, A Pradeep
245 _aRejuvenation of tile factory, Mangalore
300 _a50pp.
500 _a1BM07AT030
502 _8B.Arch
_NBMS College of Architecture, Visvesvaraya Technological University (VTU)
_aProject report
_d2012
650 _aMangalore
700 _aShobha M N
_eGuide
700 _aK R Madhu Chand
_eGuide
942 _2ddc
_cTHE